Movies Quiz

Random Movies or Letter Quiz

3-Letter Movies Slideshow Quiz Stats

 Plays Quiz Updated May 9, 2018

Challenge
Share
Tweet
Score 0/18 Timer 08:00
0 Plays Today
% Correct
Ted
98.2%
Elf
95.8%
Ali
91.6%
Big
84.3%
Saw
83.8%
Ray
83%
Rio
74.4%
Red
67.6%
Her
67.3%
% Correct
xXx
64.3%
JFK
60.1%
Spy
50.1%
Hop
46.8%
Mud
40.4%
Joy
34.6%
UHF
30.7%
Hud
27.1%
Max
12.9%

You're not logged in!

Compare scores with friends on all Sporcle quizzes.
Join for Free
OR
Log In

You Might Also Like...

Show Comments

Extras

Top Quizzes Today


Score Distribution

Your Account Isn't Verified!

In order to create a playlist on Sporcle, you need to verify the email address you used during registration. Go to your Sporcle Settings to finish the process.

Report this User

Report this user for behavior that violates our Community Guidelines.

Details: